Thoyosangseol gukakkongyon uri umak uri chum: Saturday regular performace of Korean music and dance (Record no. 1320278)

MARC details
000 -LEADER
fixed length control field 00603nam a2200193Ia 4500
005 - DATE AND TIME OF LATEST TRANSACTION
control field 20250507130444.0
008 - FIXED-LENGTH DATA ELEMENTS--GENERAL INFORMATION
fixed length control field 008 250505s9999 xx 000 0 kor d
037 ## - SOURCE OF ACQUISITION
Stock number DVD
040 ## - CATALOGING SOURCE
Original cataloging agency EASL
Language of cataloging eng
Transcribing agency EASL
041 ## - LANGUAGE CODE
Language code of text/sound track or separate title kor
Source of code eng
084 ## - COLON CLASSIFICATION NUMBER
Assigning agency EASL
100 ## - MAIN ENTRY--PERSONAL NAME
Personal name National Centre for Korean Traditional Performing Arts
9 (RLIN) 664459
245 #0 - TITLE STATEMENT
Title Thoyosangseol gukakkongyon uri umak uri chum: Saturday regular performace of Korean music and dance
260 ## - PUBLICATION, DISTRIBUTION, ETC.
Place of publication, distribution, etc. South Korea
Name of publisher, distributor, etc. Seoul NCKTPA
Date of publication, distribution, etc. 2006
300 ## - PHYSICAL DESCRIPTION
Extent CD
650 ## - SUBJECT ADDED ENTRY--TOPICAL TERM
Topical term or geographic name entry element Dance-Music-Spritual
9 (RLIN) 664460
942 ## - ADDED ENTRY ELEMENTS (KOHA)
Koha item type
Holdings
Withdrawn status Lost status Damaged status Not for loan Collection Home library Current library Date acquired Source of acquisition Total Checkouts Barcode Date last seen Price effective from Koha item type
          Department of East Asian Studies Library Department of East Asian Studies Library 2025-05-07 Korean Embassy   EADV00009 2025-05-07 2025-05-07 Audio Visual Collection
Copyright @ Delhi University Library System